Deuda con la ética /
Guardado en:
| Hovedforfatter: | |
|---|---|
| Format: | Texto |
| Fag: | |
| Tags: |
Tilføj Tag
Ingen Tags, Vær først til at tagge denne postø!
|
MARC
| LEADER | 00000 a a2200000 04500 | ||
|---|---|---|---|
| 001 | 8215 | ||
| 003 | |||
| 040 | |||
| 100 | |a Esquivel Faerrón, Max Alberto | ||
| 245 | |a Deuda con la ética / |c Max Alberto Esquivel Faerrón | ||
| 650 | |a CORRUPCION | ||
| 650 | |a ETICA | ||
| 773 | |g volumen 5, número 4; páginas 46-50 | ||
| 999 | |c 35064 |d 35064 | ||
